Minería y sociedad en Taxco durante el siglo XVIII / (Record no. 66854)

MARC details
000 -LEADER
fixed length control field 00737cam a2200205 4500
008 - FIXED-LENGTH DATA ELEMENTS--GENERAL INFORMATION
fixed length control field s1996 mx spa
020 ## - INTERNATIONAL STANDARD BOOK NUMBER
International Standard Book Number 9688592641
050 00 - LIBRARY OF CONGRESS CALL NUMBER
Classification number HD9506 .M4
Item number P47 1996
100 1# - MAIN ENTRY--PERSONAL NAME
Personal name Pérez Rosales, Laura
245 10 - TITLE STATEMENT
Title Minería y sociedad en Taxco durante el siglo XVIII /
Statement of responsibility, etc Laura Pérez Rosales.
260 ## - PUBLICATION, DISTRIBUTION, ETC. (IMPRINT)
Place of publication, distribution, etc México :
Name of publisher, distributor, etc Universidad Iberoaméricana, Departamento de Historia,
Date of publication, distribution, etc 1996.
300 ## - PHYSICAL DESCRIPTION
Extent 234 p. ;
Dimensions 21 cm.
440 #3 - SERIES STATEMENT/ADDED ENTRY--TITLE
Title El pasado y el presente
504 ## - BIBLIOGRAPHY, ETC. NOTE
Bibliography, etc Bibliografía: p. 231-234
650 #4 - SUBJECT ADDED ENTRY--TOPICAL TERM
Topical term or geographic name as entry element Minas y riquezas minerales
Geographic subdivision México
-- Taxco, Guerrero
General subdivision Historia
650 #0 - SUBJECT ADDED ENTRY--TOPICAL TERM
Topical term or geographic name as entry element Industria minera
Geographic subdivision México
-- Taxco, Guerrero
General subdivision Historia
942 ## - ADDED ENTRY ELEMENTS (KOHA)
Source of classification or shelving scheme Biblioteca del Cogreso de los Estados Unidos
Koha item type Libro
Holdings
Estado de pérdida Fuente de clasificación Estado del daño No para préstamo Ubicación permanente Ubicación actual Apartado o colección Fecha de adquisición Edición Dependencia de educación superior (DES) Área del conocimiento Clasificación Código de Barras Date last seen Número de copia Tipo de recurso
  Biblioteca del Cogreso de los Estados Unidos     Biblioteca del Instituto de Investigaciones Históricas Biblioteca del Instituto de Investigaciones Históricas General 24/08/2018 1a ed. Humanidades Ciencias Sociales y Administrativas HD9506 .M4 P47 1996 IIH000025481 24/08/2018 C:1 Libro
  Biblioteca del Cogreso de los Estados Unidos     Biblioteca del Instituto de Investigaciones Históricas Biblioteca del Instituto de Investigaciones Históricas General 24/08/2018 1a ed. Humanidades Ciencias Sociales y Administrativas HD9506 .M4 P47 1996 IIH000025482 24/08/2018 C:2 Libro